000 00903nas a2200289 4500
001 BR9202185
003 BR-BrBNA
005 20231205092449.0
007 ta
008 230509b bl.|||p| |||| 00| 00por d
040 _aBR-BrBNA
_bpor
_cBiblioteca Nacional de Agricultura
041 _a(Pt)
072 _aF03; J10
100 1 _aConde, A. dos R.
100 1 _aGarcia, J.
245 1 _aInfluencia da epoca de colheita e do periodo de armazenamento, sob condicoes ambientais, na qualidade das sementes do capim-andropogon
650 _aSEMENTE
650 _aCAPIM ANDROPOGON
650 _aFISIOLOGIA VEGETAL
650 _aGERMINACAO
650 _aDORMENCIA
650 _aCOLHEITA
650 _aARMAZENAMENTO
773 0 _tRevista Brasileira de Sementes (Brazil)
_xISSN 0101-3122
_g(1988), v. 10(2) p. 75-85
_wBR9202185
909 _a202311
_bLúcia
_c55
_dLúcia Elande
942 _2AGRIS
_n0
_cANA
999 _c131892
_d131892